00715nam a2200133Ia 4500008004100000020001800041100001700059245010500076260002200181440005900203650026000262650001400522856004500536171212s9999 xx 000 0 und d a9781920942083 aTaylor, John cTaylor, JohnaAboriginal Population Profiles for Development Planning in the Northern East Kimberley bANU E Pressc2004 aCentre for Aboriginal Economic Policy Research (CAEPR) aAboriginal Australians -- Western Australia -- Kimberley -- Population; Aboriginal Australians -- Western Australia -- Kimberley -- Economic conditions; Aboriginal Australians -- Western Australia -- Kimberley -- Social conditions; Kimberley (W.A.) -- Eco aSociology uwww.jstor.org/stable/10.2307/j.ctt2jbjmp